[Event "Bodensee op"]
[Site "Bregenz"]
[Date "2023.05.13"]
[Round "1"]
[White "Kaiser, Elmar"]
[Black "Feistauer, Dirk"]
[Result "1/2-1/2"]
[WhiteElo "2149"]
[BlackElo "1926"]
[PlyCount "117"]
[EventDate "2023.05.13"]
[EventType "swiss"]
[EventRounds "9"]
[EventCountry "AUT"]
[SourceTitle "CBM 215 Extra"]
[Source "ChessBase"]
[SourceDate "2023.09.30"]
[SourceVersion "1"]
[SourceVersionDate "2023.09.30"]
[SourceQuality "1"]

1. Nf3 Nf6 2. c4 e6 3. Nc3 b6 4. b3 Bb7 5. Bb2 Be7 6. e3 d6 7. Qc2 Nbd7 8. Be2 0-0 9. Rg1 d5 10. g4 Ne4 11. cxd5 exd5 12. Nd4 Bf6 13. Nf5 Ndc5 14. d3 Nxc3 15. Bxc3 Bxc3+ 16. Qxc3 Ne6 17. Qe5 Re8 18. g5 c5 19. Qg3 Qd7 20. Qg4 Nf8 21. Qh3 Bc8 22. Bg4 Qc7 23. Qg3 Qxg3 24. Rxg3 Bxf5 25. Bxf5 Rad8 26. 0-0-0 Ne6 27. h4 a5 28. h5 g6 29. hxg6 hxg6 30. Bxe6 fxe6 31. d4 Kg7 32. dxc5 Rc8 33. Kb2 Rxc5 34. Rg4 Rf8 35. f4 Rh8 36. Rg2 Rh4 37. Rf2 b5 38. Rc1 Rxc1 39. Kxc1 Rh3 40. Kd2 Kf7 41. Kd3 Ke7 42. Rc2 Kd6 43. a4 bxa4 44. bxa4 e5 45. fxe5+ Kxe5 46. Rc5 Rh5 47. Rxa5 Rxg5 48. Ra8 Kd6 49. Rg8 Kc5 50. Rf8 Rg4 51. Rf4 Rg1 52. Ke2 g5 53. Rd4 Ra1 54. Rg4 Ra2+ 55. Kf3 Ra3 56. Rd4 Rb3 57. Rg4 Ra3 58. Rd4 Rb3 59. Rg4 1/2-1/2

[Event "Bodensee op"]
[Site "Bregenz"]
[Date "2022.05.21"]
[Round "1"]
[White "Feistauer, Dirk"]
[Black "Bauer, Thomas"]
[Result "1/2-1/2"]
[WhiteElo "1962"]
[BlackElo "2216"]
[PlyCount "59"]
[EventDate "2022.05.21"]
[EventType "swiss"]
[EventRounds "9"]
[EventCountry "AUT"]
[SourceTitle "CBM 208 Extra"]
[Source "ChessBase"]
[SourceDate "2022.07.31"]
[SourceVersion "1"]
[SourceVersionDate "2022.07.31"]
[SourceQuality "1"]

1. e4 c5 2. Nf3 d6 3. d4 Nf6 4. Nc3 cxd4 5. Nxd4 a6 6. Bg5 Nbd7 7. f4 h6 8. Bh4 e5 9. Nf5 Qb6 10. a3 g6 11. Bf2 Qc6 12. fxe5 Nxe4 13. Nxe4 Qxe4+ 14. Ne3 Nxe5 15. Be2 Be6 16. 0-0 Be7 17. Bd3 Qc6 18. c3 0-0 19. Re1 Rae8 20. Be2 h5 21. Nc2 Qc8 22. Nd4 Bd7 23. h3 b5 24. Be3 Kg7 25. Qd2 Rh8 26. Rad1 Nc4 27. Bxc4 Qxc4 28. Nf3 h4 29. Bd4+ f6 30. Qf4 1/2-1/2

[Event "Bodensee op"]
[Site "Bregenz"]
[Date "2019.05.26"]
[Round "2"]
[White "Feistauer, Dirk"]
[Black "Stavnjak, Lazar"]
[Result "1/2-1/2"]
[WhiteElo "1933"]
[BlackElo "2196"]
[PlyCount "101"]
[EventDate "2019.05.25"]
[EventType "swiss"]
[EventRounds "9"]
[EventCountry "AUT"]
[SourceTitle "CBM 190 Extra"]
[Source "ChessBase"]
[SourceDate "2019.07.15"]
[SourceVersion "1"]
[SourceVersionDate "2019.07.15"]
[SourceQuality "1"]

1. e4 c5 2. Nf3 Nc6 3. d4 cxd4 4. Nxd4 Nf6 5. Nc3 e5 6. Ndb5 d6 7. Bg5 a6 8. Na3 b5 9. Nd5 Be7 10. Bxf6 gxf6 11. c3 f5 12. g3 fxe4 13. Bg2 Bf5 14. Qe2 0-0 15. g4 Bg6 16. Nc2 Bg5 17. Bxe4 Rb8 18. Bf5 Ne7 19. Nce3 Bxe3 20. Nxe7+ Qxe7 21. Qxe3 d5 22. a3 Qf6 23. 0-0-0 Rfd8 24. Bxg6 hxg6 25. Rhe1 e4 26. Rd4 Rd6 27. g5 Qf5 28. Qg3 Rbd8 29. Re3 Kg7 30. f3 R6d7 31. fxe4 dxe4 32. Rexe4 Rxd4 33. Rxd4 Qf1+ 34. Kd2 Re8 35. Kc2 Qf5+ 36. Kb3 Re5 37. h4 Qe6+ 38. Kc2 Re2+ 39. Rd2 Qe4+ 40. Qd3 Rxd2+ 41. Kxd2 Qxh4 42. Qd8 Qf4+ 43. Kc2 Qe4+ 44. Kb3 Qa4+ 45. Ka2 Qc4+ 46. Kb1 Qe6 47. Qd4+ Kh7 48. Qd8 Qe5 49. Kc2 Kg7 50. Kb3 a5 51. a4 1/2-1/2